00332 2200133 4500001002100000005001500021035002000036245005700056260003900113082000800152084001200160990001300172990001300185INLIS00000000000256820250605114535 a0010-0625000154 aPemecah Record ; Kehidupan di Dunia /cDavid Lambert aJakarta :bPT. Mandiri Jaya,c1994 a600 a600 PEM a04201020 a04201021